Noisy le Sec ou Noisy le Grand ? - Statistiques

Statistiques générales
  • Ce quiz a été pris 36 fois
  • Le résultat moyen est 10 sur 15
Statistiques - réponses
Question Réponse % Correct
Est desservi par la ligne 11 du métro parisien Noisy le Sec
97%
Est desservie par le RER A Noisy le Grand
94%
Est traversé par une ligne de tramway Noisy le Sec
94%
Est situé en Seine Saint Denis Les deux
91%
Est la commune la plus grande en superficie Noisy le Grand
84%
Est traversé par une rivière Noisy le Grand
75%
A les espaces Abraxas Noisy le Grand
69%
Est traversé par un canal Noisy le Sec
69%
A une partie de son territoire boisée Noisy le Grand
63%
Est à environ 5 kilomètres de l'Est de la capitale Noisy le Sec
63%
Est enclavé au sein de son département Noisy le Sec
63%
Est peuplé de plus de 70 000 habitants Noisy le Grand
59%
Est desservi par le RER E Les deux
53%
A pour gentilés les noiséens Les deux
47%
Sera desservie par la ligne de métro 15 lorsque toutes les branches de celle-ci seront terminées. Les deux
28%
Aucun quiz correspondant
Distribution des résultats
% des personnes avec chaque résultat
Percentile par nombre de réponses
Votre historique - résultats
Vous n’avez pas pris ce quiz